| 000 | 00782nam a2200217 a 4500 | ||
|---|---|---|---|
| 999 |
_c3528 _d3528 |
||
| 001 | 3528 | ||
| 003 | BD-JhCC | ||
| 005 | 20171114190233.0 | ||
| 008 | 171114s1966 bg a|||| ||a| 000 0 ben d | ||
| 035 | _a(BD-JhCC)3528 | ||
| 040 |
_aBD-JhCC _dBD-JhCC |
||
| 041 | _aben | ||
| 082 |
_a823.92 _bBAR 1966 |
||
| 100 | _aবারটলেট, মার্গারেট ফ্যারিংটন | ||
| 245 |
_aপাহাড় থেকে সমতলে / _cমার্গারেট ফ্যারিংটন বারটলেট; মাফরহা চৌধুরী (অনু.) |
||
| 260 |
_aঢাকা : _bনওরোজ কিতাবিস্তান, _c1966. |
||
| 300 |
_a33 p. : _c21 cm. _billu; |
||
| 650 | _aMountains | ||
| 942 |
_2ddc _cBK |
||